[Event "BCF-ch Seniors 65"]
[Site "Bournemouth"]
[Date "2016.07.27"]
[Round "4"]
[White "Blewitt, Stephen"]
[Black "Footner, Andrew F"]
[Result "0-1"]
[WhiteElo "1934"]
[BlackElo "1952"]
[PlyCount "58"]
[EventDate "2016.07.24"]
[EventType "swiss"]
[EventRounds "7"]
[EventCountry "ENG"]
[SourceTitle "CBM 173 Extra"]
[Source "ChessBase"]
[SourceDate "2016.08.29"]
[SourceVersion "1"]
[SourceVersionDate "2016.08.29"]
[SourceQuality "1"]

1. d4 d5 2. Nf3 Nc6 3. c4 Bg4 4. cxd5 Bxf3 5. gxf3 Qxd5 6. e3 e5 7. Nc3 Bb4 8. Bd2 Bxc3 9. bxc3 Qd6 10. Rb1 Rb8 11. Bb5 Nge7 12. 0-0 0-0 13. Kh1 Ng6 14. Rg1 Rbd8 15. Bf1 b6 16. Qa4 Qf6 17. Be2 Rfe8 18. Qc4 exd4 19. cxd4 Rd6 20. Bc3 Qh4 21. Rg3 Nge7 22. Rf1 Nf5 23. Rg4 Qd8 24. Rd1 Ne5 25. dxe5 Rxd1+ 26. Bxd1 Qxd1+ 27. Kg2 h5 28. Rf4 Qc2 29. e4 Ne3+ 0-1

[Event "BCF-ch Seniors 65"]
[Site "Bournemouth"]
[Date "2016.07.26"]
[Round "3"]
[White "Footner, Andrew F"]
[Black "Pickersgill, Adrian"]
[Result "0-1"]
[WhiteElo "1952"]
[BlackElo "2000"]
[PlyCount "43"]
[EventDate "2016.07.24"]
[EventType "swiss"]
[EventRounds "7"]
[EventCountry "ENG"]
[SourceTitle "CBM 173 Extra"]
[Source "ChessBase"]
[SourceDate "2016.08.29"]
[SourceVersion "1"]
[SourceVersionDate "2016.08.29"]
[SourceQuality "1"]

1. e4 d6 2. d4 Nf6 3. Nc3 c6 4. a4 a5 5. Nf3 Bg4 6. h3 Bh5 7. Be2 e6 8. Nd2 Bxe2 9. Qxe2 Be7 10. e5 dxe5 11. dxe5 Nd5 12. Nce4 0-0 13. Nc4 Nd7 14. Qg4 Kh8 15. Qh5 f6 16. 0-0 g6 17. Qh6 b5 18. exf6 N7xf6 19. axb5 Nxe4 20. Ne5 Rf6 21. Nxc6 Qf8 22. Nxe7 0-1

[Event "Melbourne Cup Weekend"]
[Site "Melbourne"]
[Date "2013.11.04"]
[Round "6"]
[White "Chew Lee, Max"]
[Black "Footner, Andrew F"]
[Result "1-0"]
[WhiteElo "1884"]
[BlackElo "1983"]
[PlyCount "51"]
[EventDate "2013.11.01"]
[EventType "swiss"]
[EventRounds "9"]
[EventCountry "AUS"]
[SourceTitle "EXT 2014"]
[Source "ChessBase"]
[SourceDate "2013.11.20"]
[SourceVersion "1"]
[SourceVersionDate "2013.11.20"]
[SourceQuality "1"]

1. e4 d5 2. exd5 Nf6 3. d4 Bg4 4. f3 Bf5 5. Bb5+ Nbd7 6. c4 a6 7. Ba4 e6 8. dxe6 Bxe6 9. Qc2 Bb4+ 10. Bd2 Qe7 11. Ne2 0-0-0 12. Bxd7+ Bxd7 13. a3 Bxd2+ 14. Qxd2 Be6 15. b3 c5 16. 0-0 cxd4 17. Nxd4 Qc5 18. Rd1 Rd7 19. Nc3 Rhd8 20. Nce2 g5 21. b4 Qe5 22. Rac1 Nh5 23. g3 Kb8 24. b5 axb5 25. cxb5 Bb3 26. Qc3 1-0

[Event "BCF-ch Senior"]
[Site "Torquay"]
[Date "2013.08.07"]
[Round "5.75"]
[White "Orton, Stephen LA"]
[Black "Footner, Andrew F"]
[Result "1/2-1/2"]
[WhiteElo "2175"]
[BlackElo "1960"]
[PlyCount "69"]
[EventDate "2013.08.03"]
[EventType "swiss"]
[EventRounds "7"]
[EventCountry "ENG"]
[SourceTitle "EXT 2023"]
[Source "ChessBase"]
[SourceDate "2022.10.05"]
[SourceVersion "1"]
[SourceVersionDate "2022.10.05"]
[SourceQuality "1"]

1. e4 d5 2. exd5 Nf6 3. Nf3 Nxd5 4. d4 Bf5 5. a3 e6 6. c4 Nb6 7. Nc3 Be7 8. Be2 Bf6 9. Be3 Nc6 10. 0-0 Na5 11. c5 Nd5 12. Qa4+ Nc6 13. Bb5 Nde7 14. Ne5 Bxe5 15. dxe5 a6 16. Rad1 Qc8 17. Be2 0-0 18. g4 Bg6 19. h4 h6 20. h5 Bh7 21. f4 Rd8 22. Bf3 Rxd1 23. Rxd1 Qe8 24. Be4 Bxe4 25. Qxe4 Rd8 26. Rxd8 Qxd8 27. f5 Nd5 28. fxe6 fxe6 29. Nxd5 exd5 30. Qf5 d4 31. Bxh6 gxh6 32. Qg6+ Kh8 33. Qxh6+ Kg8 34. Qg6+ Kh8 35. Qh6+ 1/2-1/2

[Event "BCF-ch Senior"]
[Site "Torquay"]
[Date "2013.08.05"]
[Round "2.60"]
[White "Footner, Andrew F"]
[Black "Habershon, Paul F"]
[Result "0-1"]
[WhiteElo "1960"]
[BlackElo "2092"]
[PlyCount "60"]
[EventDate "2013.08.03"]
[EventType "swiss"]
[EventRounds "7"]
[EventCountry "ENG"]
[SourceTitle "EXT 2023"]
[Source "ChessBase"]
[SourceDate "2022.10.05"]
[SourceVersion "1"]
[SourceVersionDate "2022.10.05"]
[SourceQuality "1"]

1. e4 Nf6 2. Nc3 d5 3. e5 Ne4 4. Nce2 d4 5. Nf3 Nc6 6. d3 Nc5 7. b4 Nxb4 8. Nexd4 Bg4 9. Bd2 Bxf3 10. Nxf3 Nc6 11. Be3 e6 12. Rb1 Qd7 13. c3 0-0-0 14. d4 Ne4 15. Qc2 f5 16. exf6 Nxf6 17. Bb5 Bd6 18. Qa4 Nd5 19. Qb3 Rhf8 20. 0-0 Rxf3 21. gxf3 Qf7 22. Bd3 Qxf3 23. Qxb7+ Kd7 24. Qxc6+ Ke7 25. Be4 Qxe4 26. Bg5+ Kf7 27. f3 Qg6 28. f4 h6 29. c4 Ne3 30. Qf3 Qxb1 0-1

[Event "BCF-chT3 0910 (4NCL)"]
[Site "England"]
[Date "2010.05.03"]
[Round "11.5"]
[White "Footner, Andrew F"]
[Black "Fallowfield, Nicholas"]
[Result "0-1"]
[WhiteElo "1919"]
[BlackElo "2018"]
[PlyCount "78"]
[EventDate "2009.10.24"]
[EventType "team-tourn"]
[EventRounds "11"]
[EventCountry "ENG"]
[SourceTitle "EXT 2011"]
[Source "ChessBase"]
[SourceDate "2010.11.26"]
[SourceVersion "1"]
[SourceVersionDate "2010.11.26"]
[SourceQuality "1"]
[WhiteTeam "Wessex II"]
[BlackTeam "Warwicks Select II"]
[WhiteTeamCountry "ENG"]
[BlackTeamCountry "ENG"]

1. e4 Nf6 2. Nc3 d5 3. e5 Ne4 4. Nce2 f6 5. d3 Ng5 6. Bxg5 fxg5 7. Ng3 g6 8. d4 Bg7 9. h4 gxh4 10. Rxh4 0-0 11. Bd3 c5 12. Rxh7 Qb6 13. Rh4 c4 14. Be2 Bxe5 15. Qd2 Qf6 16. Nf3 Bf4 17. Qc3 Nc6 18. Rh1 b5 19. b4 a5 20. a3 axb4 21. axb4 Bb7 22. Rxa8 Rxa8 23. Qb2 e5 24. dxe5 Nxe5 25. Kf1 Qa6 26. Bd1 Qa1 27. Qxa1 Rxa1 28. Ke2 Nxf3 29. Kxf3 Bd2 30. Ne2 d4+ 31. Kg3 d3 32. cxd3 Ra3 33. f3 Rxd3 34. Bc2 Rd6 35. Rb1 Kg7 36. Rb2 Be1+ 37. Kf4 Rd2 38. Ke3 Rd7 39. Nd4 Bc3 0-1

[Event "Paington op"]
[Site "Paington"]
[Date "2009.09.11"]
[Round "6"]
[White "Footner, Andrew F"]
[Black "Coburn, Joseph A"]
[Result "1-0"]
[WhiteElo "2040"]
[BlackElo "1808"]
[PlyCount "41"]
[EventDate "2009.09.06"]
[EventType "swiss"]
[EventRounds "7"]
[EventCountry "ENG"]
[SourceTitle "CBM 132 Extra"]
[Source "ChessBase"]
[SourceDate "2009.11.03"]
[SourceVersion "1"]
[SourceVersionDate "2009.11.03"]
[SourceQuality "1"]

1. e4 d6 2. d4 g6 3. Nc3 Bg7 4. g3 Nc6 5. Be3 e5 6. dxe5 Nxe5 7. f4 Nc6 8. Qd2 Nge7 9. Bg2 f5 10. 0-0-0 0-0 11. Nf3 fxe4 12. Nxe4 Nf5 13. Bf2 Be6 14. Nc3 Qf6 15. Ng5 Bd7 16. Bd5+ Kh8 17. Rhe1 Nd8 18. Nge4 Qe7 19. Nc5 Qxe1 20. Rxe1 dxc5 21. Bxc5 1-0

[Event "Frome op"]
[Site "Frome"]
[Date "2009.05.09"]
[Round "2"]
[White "Footner, Andrew F"]
[Black "Cumming, Rhys"]
[Result "1/2-1/2"]
[WhiteElo "1888"]
[BlackElo "1890"]
[PlyCount "60"]
[EventDate "2009.05.08"]
[EventType "swiss"]
[EventRounds "5"]
[EventCountry "ENG"]
[SourceTitle "CBM 130 Extra"]
[Source "ChessBase"]
[SourceDate "2009.07.02"]
[SourceVersion "2"]
[SourceVersionDate "2009.07.15"]
[SourceQuality "1"]

1. e4 e5 2. Nf3 Nc6 3. c3 d5 4. Bb5 dxe4 5. Nxe5 Bd7 6. Nxd7 Qxd7 7. d4 exd3 8. Qxd3 Qxd3 9. Bxd3 Ne5 10. Bb5+ c6 11. Be2 0-0-0 12. 0-0 Nd3 13. Be3 c5 14. b4 Nf6 15. Rd1 Ne5 16. b5 Rxd1+ 17. Bxd1 Nd5 18. Bd2 Be7 19. Na3 Bf6 20. Be2 Rd8 21. Rd1 Nb6 22. Be3 Na4 23. Nb1 Rxd1+ 24. Bxd1 Nb2 25. Bc2 b6 26. Kf1 Nbc4 27. Bf4 Ng6 28. Bf5+ Kb7 29. Be4+ Kc8 30. Bf5+ Kb7 1/2-1/2

[Event "Yeovil op"]
[Site "Yeovil"]
[Date "2008.06.14"]
[Round "3"]
[White "Purry, Chris S"]
[Black "Footner, Andrew F"]
[Result "1-0"]
[WhiteElo "1760"]
[BlackElo "1872"]
[PlyCount "37"]
[EventDate "2008.06.13"]
[EventType "swiss"]
[EventRounds "5"]
[EventCountry "ENG"]
[SourceTitle "CBM 125 Extra"]
[Source "ChessBase"]
[SourceDate "2008.09.01"]
[SourceVersion "1"]
[SourceVersionDate "2008.09.01"]
[SourceQuality "1"]

1. e4 d5 2. exd5 Nf6 3. d4 Bg4 4. Be2 Bxe2 5. Qxe2 Qxd5 6. Nf3 e6 7. 0-0 Nc6 8. c4 Nxd4 9. Nxd4 Qxd4 10. Rd1 Qh4 11. c5 c6 12. Be3 Be7 13. Nc3 Ng4 14. h3 Nxe3 15. Qxe3 0-0 16. Ne4 Rfd8 17. Nd6 b6 18. Qf3 Qb4 19. Qxf7+ 1-0

[Event "Dorset op"]
[Site "Weymouth"]
[Date "2006.10.07"]
[Round "2"]
[White "Footner, Andrew F"]
[Black "Simons, Martin J"]
[Result "0-1"]
[WhiteElo "1968"]
[BlackElo "2238"]
[PlyCount "68"]
[EventDate "2006.10.06"]
[EventType "swiss"]
[EventRounds "5"]
[EventCountry "ENG"]
[SourceTitle "EXT 2008"]
[Source "ChessBase"]
[SourceDate "2007.11.25"]
[SourceVersion "1"]
[SourceVersionDate "2007.11.25"]
[SourceQuality "1"]

1. e4 Nc6 2. Nc3 Nf6 3. d4 d6 4. f4 e5 5. dxe5 dxe5 6. Qxd8+ Kxd8 7. fxe5 Nxe5 8. Nf3 Bd6 9. Bg5 c6 10. Nd4 Kc7 11. 0-0-0 a6 12. Bxf6 gxf6 13. h3 h5 14. Be2 h4 15. Rhf1 Rg8 16. Rxf6 Rxg2 17. Nf3 Be7 18. Rf4 Bxh3 19. Nxe5 Bg5 20. Nd3 Bg4 21. Kb1 Bxf4 22. Nxf4 Bxe2 23. Ncxe2 Rf2 24. Re1 Rg8 25. Kc1 Rg4 26. Nd3 Rh2 27. e5 Re4 28. Kd1 h3 29. Ng1 Rxe1+ 30. Kxe1 Rh1 31. Kf2 h2 32. Nf3 Rf1+ 33. Kxf1 h1Q+ 34. Ke2 Qb1 0-1

[Event "Dorset op"]
[Site "Weymouth"]
[Date "2006.10.07"]
[Round "3"]
[White "Wright, Daniel"]
[Black "Footner, Andrew F"]
[Result "1-0"]
[WhiteElo "2235"]
[BlackElo "1968"]
[PlyCount "45"]
[EventDate "2006.10.06"]
[EventType "swiss"]
[EventRounds "5"]
[EventCountry "ENG"]
[SourceTitle "EXT 2008"]
[Source "ChessBase"]
[SourceDate "2007.11.25"]
[SourceVersion "1"]
[SourceVersionDate "2007.11.25"]
[SourceQuality "1"]

1. Nf3 g6 2. e4 Bg7 3. d4 d6 4. c4 Nf6 5. Nc3 0-0 6. Be2 c5 7. 0-0 cxd4 8. Nxd4 Nc6 9. Nc2 Be6 10. f4 Na5 11. b3 Nxe4 12. Nxe4 Bf5 13. Bf3 Bxa1 14. Nxa1 Nc6 15. Bb2 Qa5 16. Nc3 h5 17. Kh1 Rac8 18. Nc2 Bxc2 19. Qxc2 Nd4 20. Qe4 Nxf3 21. Qxf3 Qa6 22. Nd5 Rce8 23. Nc7 1-0

[Event "Dorset op"]
[Site "Weymouth"]
[Date "2006.10.06"]
[Round "1"]
[White "Mordue, A Tyson"]
[Black "Footner, Andrew F"]
[Result "1/2-1/2"]
[WhiteElo "2299"]
[BlackElo "1968"]
[PlyCount "61"]
[EventDate "2006.10.06"]
[EventType "swiss"]
[EventRounds "5"]
[EventCountry "ENG"]
[SourceTitle "EXT 2008"]
[Source "ChessBase"]
[SourceDate "2007.11.25"]
[SourceVersion "1"]
[SourceVersionDate "2007.11.25"]
[SourceQuality "1"]

1. e4 d5 2. exd5 Nf6 3. d4 Bg4 4. f3 Bf5 5. Bb5+ Nbd7 6. c4 a6 7. Bxd7+ Qxd7 8. Ne2 e6 9. dxe6 Qxe6 10. b3 0-0-0 11. 0-0 Bc5 12. Kh1 Bxb1 13. Rxb1 Rhe8 14. Rb2 Nh5 15. Rd2 Qe7 16. g4 Nf6 17. Ng3 Bb4 18. Rd3 g6 19. Bg5 h6 20. Bxh6 Bd6 21. Bg5 Bxg3 22. hxg3 Rh8+ 23. Kg2 Rh7 24. Re1 Qd6 25. c5 Rdh8 26. cxd6 Rh2+ 27. Kg1 Rh1+ 28. Kf2 R1h2+ 29. Kf1 Rh1+ 30. Ke2 R1h2+ 31. Kf1 1/2-1/2

[Event "Paington op"]
[Site "Paington"]
[Date "2006.09.07"]
[Round "5"]
[White "Lewyk, Ihor"]
[Black "Footner, Andrew F"]
[Result "1-0"]
[WhiteElo "2106"]
[BlackElo "1968"]
[PlyCount "64"]
[EventDate "2006.09.03"]
[EventType "swiss"]
[EventRounds "7"]
[EventCountry "ENG"]
[SourceTitle "CBM 114 Extra"]
[Source "ChessBase"]
[SourceDate "2006.11.03"]
[SourceVersion "1"]
[SourceVersionDate "2006.11.03"]
[SourceQuality "1"]

1. Nf3 Nf6 2. d4 c5 3. e3 e6 4. Bd3 Nc6 5. 0-0 cxd4 6. exd4 Qb6 7. c3 d5 8. Re1 Bd7 9. Nbd2 Na5 10. Ne5 Bb5 11. Bc2 Bd6 12. a4 Bd7 13. Ndf3 h6 14. Qe2 Nb3 15. Rb1 Nxc1 16. Rexc1 Rc8 17. Re1 Rc7 18. Nxd7 Nxd7 19. Nh4 0-0 20. Qd3 Nf6 21. Re3 Rfc8 22. Nf3 Bf4 23. Ree1 Ne4 24. g3 Bd6 25. Qe2 Nf6 26. Kg2 Qc6 27. Ne5 Qe8 28. Ng4 Nxg4 29. Qxg4 a6 30. f4 Rc4 31. f5 e5 32. Bb3 R4c7 1-0

[Event "Paington op"]
[Site "Paington"]
[Date "2006.09.06"]
[Round "4"]
[White "Footner, Andrew F"]
[Black "Brown, Alan M"]
[Result "1/2-1/2"]
[WhiteElo "1968"]
[BlackElo "2118"]
[PlyCount "49"]
[EventDate "2006.09.03"]
[EventType "swiss"]
[EventRounds "7"]
[EventCountry "ENG"]
[SourceTitle "CBM 114 Extra"]
[Source "ChessBase"]
[SourceDate "2006.11.03"]
[SourceVersion "1"]
[SourceVersionDate "2006.11.03"]
[SourceQuality "1"]

1. e4 e6 2. d4 d5 3. Nc3 Bb4 4. Bd2 dxe4 5. Qg4 Qxd4 6. Nf3 Nh6 7. Qxe6+ Bxe6 8. Nxd4 e3 9. fxe3 Bd7 10. Ndb5 Na6 11. a3 Bc5 12. Nd4 0-0 13. Bc4 Nf5 14. 0-0-0 Rfe8 15. Nxf5 Bxf5 16. e4 Bg4 17. Rde1 Nb8 18. Rhf1 Nd7 19. Bf4 Ne5 20. Bb3 c6 21. Nd1 Bd6 22. Ne3 Be6 23. Nf5 Bxf5 24. Bxe5 Rxe5 25. exf5 1/2-1/2

[Event "Beacon Seniors op 60+"]
[Site "Exmouth"]
[Date "2005.11.18"]
[Round "5"]
[White "Sandercock, E Barry"]
[Black "Footner, Andrew F"]
[Result "0-1"]
[WhiteElo "1624"]
[BlackElo "1872"]
[PlyCount "72"]
[EventDate "2005.11.14"]
[EventType "swiss"]
[EventRounds "5"]
[EventCountry "ENG"]
[SourceTitle "EXT 2007"]
[Source "ChessBase"]
[SourceDate "2006.11.23"]
[SourceVersion "1"]
[SourceVersionDate "2006.11.23"]
[SourceQuality "1"]

1. e4 d5 2. exd5 Nf6 3. d4 Bg4 4. Nf3 Qxd5 5. Be2 Nc6 6. c3 0-0-0 7. h3 Qh5 8. Bf4 Qf5 9. Qc1 Bxf3 10. Bxf3 e5 11. dxe5 Nxe5 12. Bxe5 Qxe5+ 13. Qe3 Qb5 14. Qxa7 Re8+ 15. Kd1 c6 16. Na3 Qxb2 17. Rb1 Rd8+ 18. Ke1 Qxc3+ 19. Kf1 Bb4 20. Qa8+ Kc7 21. Nb5+ cxb5 22. Qxb7+ Kd6 23. Rd1+ Ke6 24. g3 Rxd1+ 25. Bxd1 Qc4+ 26. Be2 Qd5 27. Qb6+ Bd6 28. Qe3+ Kd7 29. Bf3 Qc5 30. Qb3 Qc4+ 31. Qxc4 bxc4 32. Be2 Rc8 33. Kg2 c3 34. Bd3 Ba3 35. Bf5+ Kc7 36. Bxc8 Kxc8 0-1

[Event "Beacon Seniors op 60+"]
[Site "Exmouth"]
[Date "2005.11.17"]
[Round "4"]
[White "Footner, Andrew F"]
[Black "Stephenson, F Norman"]
[Result "1/2-1/2"]
[WhiteElo "1872"]
[BlackElo "2072"]
[PlyCount "56"]
[EventDate "2005.11.14"]
[EventType "swiss"]
[EventRounds "5"]
[EventCountry "ENG"]
[SourceTitle "EXT 2007"]
[Source "ChessBase"]
[SourceDate "2006.11.23"]
[SourceVersion "1"]
[SourceVersionDate "2006.11.23"]
[SourceQuality "1"]

1. e4 e6 2. d4 d5 3. Nc3 Bb4 4. Bd2 dxe4 5. Qg4 Nf6 6. Qxg7 Rg8 7. Qh6 Qxd4 8. 0-0-0 Bf8 9. Qh4 Rg4 10. Qh3 Qxf2 11. Be2 Rh4 12. Qxh4 Qxh4 13. g3 e3 14. gxh4 exd2+ 15. Kb1 Bb4 16. Bf3 Nbd7 17. Rxd2 Bxc3 18. bxc3 Ne5 19. Re2 Nc4 20. Nh3 Bd7 21. Rf1 Bb5 22. Rfe1 c6 23. Rf2 Nd5 24. Bxd5 cxd5 25. Ng5 Nd6 26. Nxh7 Ke7 27. Nf6 Bc4 28. h5 Rh8 1/2-1/2

[Event "BCF-chT3 0304 (4NCL)"]
[Site "West Bromwich"]
[Date "2004.06.20"]
[Round "11.7"]
[White "Footner, Andrew F"]
[Black "Spanton, Timothy"]
[Result "1-0"]
[WhiteElo "2008"]
[BlackElo "2014"]
[PlyCount "49"]
[EventDate "2003.11.23"]
[EventType "team-tourn"]
[EventRounds "11"]
[EventCountry "ENG"]
[SourceTitle "EXT 2005"]
[Source "ChessBase"]
[SourceDate "2004.11.15"]
[SourceVersion "1"]
[SourceVersionDate "2004.11.15"]
[SourceQuality "1"]
[WhiteTeam "Wessex II"]
[BlackTeam "The ADS II"]
[WhiteTeamCountry "ENG"]
[BlackTeamCountry "ENG"]

1. e4 e6 2. d4 d5 3. Nc3 Bb4 4. Bd2 dxe4 5. Qg4 Nf6 6. Qxg7 Rg8 7. Qh6 Nc6 8. Bb5 Bd7 9. Nge2 Rxg2 10. Bg5 Be7 11. Bxf6 Bxf6 12. Nxe4 Rg6 13. Qxh7 Nxd4 14. Nxf6+ Qxf6 15. Bxd7+ Kxd7 16. 0-0-0 Ke7 17. Nxd4 Rh8 18. Nf5+ exf5 19. Rhe1+ Kf8 20. Rd8+ Qxd8 21. Qxh8+ Rg8 22. Qh6+ Rg7 23. Qh8+ Rg8 24. Qh6+ Rg7 25. Rg1 1-0